| 000 | 00857cam a2200277 i 4500 | ||
|---|---|---|---|
| 999 |
_c6251 _d6251 |
||
| 001 | 3198569 | ||
| 003 | GZU | ||
| 005 | 20210421083230.0 | ||
| 008 | 770810s1975 enk d 000 0 eng | ||
| 010 | _a 77362596 | ||
| 020 | _a058261435X | ||
| 040 |
_aDLC _cDLC _dDLC |
||
| 050 | 0 | 0 |
_aPL8723.4 PRA 1975 _b.P4 1975 |
| 082 | 0 | 0 | _a496/.39 |
| 100 | 1 |
_aPelling, J. N. _eCompiler |
|
| 245 | 1 | 2 |
_aA practical Ndebele dictionary / _ccompiled by J. N. Pelling. |
| 250 | _a2d ed. | ||
| 260 |
_aSalisbury : _bLongman Rhodesia, _c1975. |
||
| 300 |
_a154 p. ; _c20 cm. |
||
| 500 | _aNdebele dictionary | ||
| 600 | _2Ndebele dictionary | ||
| 650 | 0 |
_aNdebele language (Zimbabwe) _xDictionaries _xEnglish. |
|
| 650 | 0 |
_aEnglish language _xDictionaries _xNdebele (Zimbabwe) |
|
| 906 |
_a7 _bcbc _corignew _d2 _encip _f19 _gy-gencatlg |
||
| 942 |
_2lcc _cBK _h8723.4 _iPEL _kPL |
||